[Event "TUR-chT2"]
[Site "Konya"]
[Date "2015.07.30"]
[Round "8.7"]
[White "Karayel, Atagun"]
[Black "Han, Ahmet Reha"]
[Result "0-1"]
[WhiteElo "1929"]
[BlackElo "1661"]
[PlyCount "70"]
[EventDate "2015.07.25"]
[EventType "team-swiss"]
[EventRounds "9"]
[EventCountry "TUR"]
[SourceTitle "EXT 2017"]
[Source "ChessBase"]
[SourceDate "2016.10.25"]
[SourceVersion "1"]
[SourceVersionDate "2016.10.25"]
[SourceQuality "1"]
[WhiteTeam "Karaman Belediye"]
[BlackTeam "Burdur 90 Yil"]
[WhiteTeamCountry "TUR"]
[BlackTeamCountry "TUR"]

1. d4 Nf6 2. c4 e6 3. Nc3 Bb4 4. Bd2 b6 5. Nf3 Bb7 6. e3 0-0 7. Bd3 Qe7 8. 0-0 Bxc3 9. Bxc3 Ne4 10. Be1 c5 11. Qc2 d5 12. cxd5 exd5 13. Ne5 f6 14. Bxe4 dxe4 15. Qb3+ Kh8 16. Nc4 Nd7 17. Bc3 Bd5 18. Qa4 a6 19. Nd2 b5 20. Qa5 Qe6 21. dxc5 Nxc5 22. Bb4 Nb7 23. Qa3 Rfc8 24. Nb3 Bxb3 25. axb3 a5 26. Rfc1 Rd8 27. h3 h6 28. Bc5 Rd2 29. Bd4 Qf5 30. Rf1 b4 31. Qa4 Rc8 32. Rad1 Rxd1 33. Rxd1 Rc7 34. Qe8+ Kh7 35. Rf1 Nd6 0-1